[Event "42. DFM/V06 Server"]
[Site "BdF-Schachserver"]
[Date "2010.04.08"]
[Round "?"]
[White "Tauber, Hans"]
[Black "Comtesse, Andreas"]
[Result "1-0"]
[WhiteElo "2178"]
[BlackElo "1983"]
[PlyCount "175"]
[EventDate "2010.04.19"]
[SourceTitle "OM Corr 202003"]
[Source "Opening Master"]
[SourceDate "2019.05.30"]
[SourceVersion "2"]
[SourceVersionDate "2019.05.30"]
[SourceQuality "1"]
[WhiteTeam "Germany"]
[BlackTeam "Germany"]
[WhiteTeamCountry "GER"]
[BlackTeamCountry "GER"]

1. e4 e5 2. Nf3 Nc6 3. c3 Nf6 4. d4 exd4 5. e5 Nd5 6. cxd4 d6 7. Bc4 dxe5 8.
O-O exd4 9. Re1+ Be7 10. Nxd4 Ndb4 11. Bg5 O-O 12. Bxe7 Nxe7 13. Nc3 Nbd5 14.
Qf3 Nxc3 15. bxc3 c6 16. Rab1 Qd6 17. Bb3 a5 18. Rbd1 Qc5 19. Nb5 Be6 20. Nd6
Nd5 21. Nxb7 Qa3 22. c4 Nf6 23. c5 Bxb3 24. axb3 Nd5 25. Qg3 g6 26. h3 Qb4 27.
Nd6 Rab8 28. Qe5 Qxb3 29. h4 h5 30. Rd4 Qa3 31. Kh2 Qxc5 32. Ne4 Qe7 33. Qxe7
Nxe7 34. Nf6+ Kg7 35. Nd7 Nf5 36. Rde4 Nd6 37. Re5 a4 38. Nxf8 Kxf8 39. Ra5 Rb4
40. g3 Nb5 41. Rc1 a3 42. Kg2 Kg7 43. Rxc6 Rb2 44. Rc1 Rb3 45. Rd1 Rb4 46. Rd2
Nc3 47. Rd3 Nb5 48. Kf3 Nd4+ 49. Kg2 Nb5 50. Rd1 Rb2 51. Kf3 Nc3 52. Ra1 Nb1
53. Ra6 f5 54. Ke3 Kh6 55. Ra4 Rb7 56. Kd3 Rb2 57. Ra7 Rd2+ 58. Kc4 Rb2 59. f4
Nd2+ 60. Kd5 Nb1 61. Ke6 Rb6+ 62. Kf7 Rb8 63. Ra6 Rb7+ 64. Kf6 Rb2 65. Ra7 Rb6+
66. Ke7 Rb2 67. Kf8 Rb8+ 68. Kf7 Rh8 69. Ra6 Rh7+ 70. Kf6 Rb7 71. Ra2 Nc3 72.
R2xa3 Ne4+ 73. Ke5 Rb5+ 74. Kd4 Rb4+ 75. Kd5 Rb5+ 76. Kc6 Rb8 77. Ra7 Rg8 78.
Re7 Rh8 79. Raa7 Nxg3 80. Kd5 Ne4 81. Ke5 Nc5 82. Rf7 Ne4 83. Rae7 Nc3 84. Rg7
Ne2 85. Ra7 Nc3 86. Ke6 Ne2 87. Kf6 Nxf4 88. Kf7 1-0

[Event "Berlin qualification op"]
[Site "Berlin"]
[Date "2010.04.07"]
[Round "5"]
[White "Montavon, Gerard"]
[Black "Mueller, Peter2"]
[Result "1-0"]
[WhiteElo "2085"]
[BlackElo "2013"]
[PlyCount "51"]
[EventDate "2010.04.03"]
[EventType "swiss"]
[EventRounds "9"]
[EventCountry "GER"]
[SourceTitle "EXT 2012"]
[Source "ChessBase"]
[SourceDate "2011.11.24"]
[SourceVersion "1"]
[SourceVersionDate "2011.11.24"]
[SourceQuality "1"]

1. e4 e5 2. Nf3 Nc6 3. c3 Nf6 4. d4 Nxe4 5. d5 Ne7 6. Nxe5 Ng6 7. Nd3 Be7 8.
Qe2 f5 9. g4 d6 10. Bg2 Nf6 11. g5 Nd7 12. f4 O-O 13. Qf2 Re8 14. O-O Nb6 15.
b3 Bd7 16. h4 Bf8 17. c4 c6 18. Nc3 cxd5 19. cxd5 Rc8 20. Bb2 Qe7 21. h5 Qe3
22. hxg6 Qxd3 23. gxh7+ Kxh7 24. Qh4+ Kg6 25. Bf3 Kf7 26. g6+ 1-0

[Event "Let's play chess"]
[Site "http://gameknot.com/chess.pl?"]
[Date "2010.04.07"]
[Round "?"]
[White "bobscales"]
[Black "crammetje"]
[Result "1/2-1/2"]
[WhiteElo "2268"]
[BlackElo "2223"]
[PlyCount "70"]
[EventDate "2010.??.??"]
[SourceTitle "OM Portal C 201906"]
[Source "Opening Master"]
[SourceDate "2019.06.27"]
[SourceVersion "1"]
[SourceVersionDate "2019.06.27"]
[SourceQuality "1"]

1. e4 e5 2. Nf3 Nc6 3. c3 Nf6 4. d4 Nxe4 5. d5 Ne7 6. Nxe5 Ng6 7. Qf3 Nf6 8.
Nxg6 hxg6 9. Bc4 d6 10. O-O Be7 11. h3 O-O 12. Re1 Re8 13. Bf4 Bd7 14. Nd2 c6
15. Ne4 Qb6 16. Ng5 cxd5 17. Be3 Qxb2 18. Bxd5 Rf8 19. Bxb7 Rab8 20. Ba6 Qxc3
21. Bxa7 Qxf3 22. Nxf3 Ra8 23. Rxe7 Rxa7 24. Bc4 d5 25. Bb3 Re8 26. Rxe8+ Bxe8
27. Nd4 Ba4 28. Rc1 Kf8 29. f3 Bxb3 30. axb3 Ke8 31. Kf2 Kd7 32. Ke3 g5 33. Rc2
Ne8 34. Rf2 Ra1 35. Rb2 g6 1/2-1/2

[Event "SRB-ch U12"]
[Site "Sokobanja"]
[Date "2010.04.06"]
[Round "3"]
[White "Radovic, Janko"]
[Black "Arsic, Djordje"]
[Result "1-0"]
[WhiteElo "1995"]
[BlackElo "1788"]
[PlyCount "76"]
[EventDate "2010.04.05"]
[EventType "swiss"]
[EventRounds "9"]
[EventCountry "YUG"]
[SourceTitle "CBM 136 Extra"]
[Source "ChessBase"]
[SourceDate "2010.07.02"]
[SourceVersion "2"]
[SourceVersionDate "2010.07.15"]
[SourceQuality "1"]

1. e4 e5 2. Nf3 Nc6 3. c3 Nf6 4. d4 Nxe4 5. d5 Ne7 6. Nxe5 Ng6 7. Nxg6 hxg6 8.
Qe2 Qe7 9. Bf4 d6 10. Na3 a6 11. f3 Nf6 12. O-O-O Bd7 13. Qf2 Nxd5 14. Rxd5
O-O-O 15. Bc4 Rh7 16. Re1 Be6 17. Bg5 f6 18. Rd2 fxg5 19. Rxe6 Qd7 20. Re1 Kb8
21. Be6 Qc6 22. h3 Rh4 23. Rd4 Be7 24. Bd5 Qd7 25. Rxh4 gxh4 26. Be6 Qa4 27.
Qd4 Qa5 28. Qd5 Qb6 29. Qd4 Qa5 30. Kb1 Bf6 31. Qd2 Qc5 32. Nc2 Re8 33. Bb3 Rf8
34. Nd4 Qh5 35. Ne6 Rc8 36. Qd5 g5 37. c4 Re8 38. Bd1 Qf7 1-0

[Event "WLS-ch"]
[Site "Cardiff"]
[Date "2010.04.05"]
[Round "6"]
[White "Zeidler, Sven P"]
[Black "Kett, Timothy"]
[Result "1-0"]
[WhiteElo "2221"]
[BlackElo "2240"]
[PlyCount "79"]
[EventDate "2010.04.02"]
[EventType "swiss"]
[EventRounds "7"]
[EventCountry "WLS"]
[SourceTitle "CBM 135 Extra"]
[Source "ChessBase"]
[SourceDate "2010.05.04"]
[SourceVersion "1"]
[SourceVersionDate "2010.05.04"]
[SourceQuality "1"]

1. e4 e5 2. Nf3 Nc6 3. c3 d5 4. Bb5 dxe4 5. Nxe5 Qd5 6. Qa4 Nge7 7. f4 exf3 8.
Nxf3 Bd7 9. O-O O-O-O 10. d4 a6 11. Bc4 Qh5 12. Qc2 Nf5 13. Be2 Bd6 14. Ne5
Nfxd4 15. cxd4 Nxd4 16. Bxh5 Nxc2 17. Nxf7 Bc5+ 18. Kh1 Rdf8 19. Bf4 Nxa1 20.
Nxh8 g5 21. Nf7 gxf4 22. Nd2 Be3 23. Nc4 Be6 24. Nxe3 Bxf7 25. Rxf4 Re8 26.
Rxf7 Rxe3 27. h4 b5 28. Rxh7 c5 29. Bf3 b4 30. Bb7+ Kd8 31. Bxa6 Re1+ 32. Kh2
Rb1 33. b3 Rb2 34. h5 Rxa2 35. Bc4 Nxb3 36. Bxb3 Ra3 37. h6 Rxb3 38. Rg7 Re3
39. h7 Re8 40. Rg8 1-0

[Event "Berlin qualification op"]
[Site "Berlin"]
[Date "2010.04.05"]
[Round "3"]
[White "Duric, Rajko"]
[Black "Mahler, Sonja"]
[Result "1/2-1/2"]
[WhiteElo "1830"]
[BlackElo "1596"]
[PlyCount "91"]
[EventDate "2010.04.03"]
[EventType "swiss"]
[EventRounds "9"]
[EventCountry "GER"]
[SourceTitle "EXT 2012"]
[Source "ChessBase"]
[SourceDate "2011.11.24"]
[SourceVersion "1"]
[SourceVersionDate "2011.11.24"]
[SourceQuality "1"]

1. e4 e5 2. Nf3 Nc6 3. c3 Nf6 4. d3 h6 5. h3 d6 6. Be2 Bd7 7. O-O Be7 8. Be3
Nh7 9. Nh2 Bg5 10. Qc1 Ne7 11. f4 exf4 12. Bxf4 Ng6 13. Bxg5 hxg5 14. Bg4 Nf4
15. Bxd7+ Qxd7 16. Qe3 Nf6 17. Rxf4 gxf4 18. Qxf4 Qb5 19. Qd2 Kd7 20. Na3 Qc5+
21. Qf2 Qc6 22. Nc4 Ke7 23. e5 Nh5 24. exd6+ cxd6 25. Re1+ Kf8 26. Qd4 Rh6 27.
Ng4 Rg6 28. Qf2 b6 29. Qh4 Qd5 30. Qe7+ Kg8 31. Qe4 Qc5+ 32. Nce3 Rd8 33. d4
Qg5 34. Nf5 Re6 35. Qb1 Rxe1+ 36. Qxe1 Qxf5 37. Qe7 Qc8 38. Qg5 g6 39. Nh6+ Kg7
40. g4 Nf6 41. Nf5+ Kf8 42. Qh6+ Ke8 43. Qe3+ Kf8 44. Qh6+ Ke8 45. Qe3+ Kf8 46.
Qh6+ 1/2-1/2

[Event "20. LSS No Engine Cup Preliminary 4"]
[Site "Lechenicher SchachServer"]
[Date "2010.04.05"]
[Round "?"]
[White "Lonyuk, Bohdan"]
[Black "Szoller, Terez"]
[Result "0-1"]
[WhiteElo "1023"]
[BlackElo "1764"]
[PlyCount "66"]
[EventDate "2010.04.06"]

1. e4 e5 2. Nf3 Nc6 3. c3 Nf6 4. d3 d5 5. Qc2 Be7 6. Be2 h6 7. b4 a6 8. a4 O-O
9. O-O Be6 10. Bb2 b5 11. axb5 axb5 12. Nbd2 Qd6 13. exd5 Nxd5 14. c4 Nf4 15.
Ne4 Nxb4 16. Qd2 Nxe2+ 17. Qxe2 Qxd3 18. Qxd3 Nxd3 19. Bxe5 Bxc4 20. Rfd1 Rxa1
21. Rxa1 Bd5 22. Nc3 Bxf3 23. Bxc7 b4 24. Na4 Bc6 25. Nb6 Bc5 26. Nc4 Nxf2 27.
Bd6 Bd4 28. Bxf8 Nd3+ 29. Kf1 Kxf8 30. Rd1 Bb5 31. Nd6 Ba6 32. Nf5 Nb2+ 33. Ke1
Bc3+ 0-1

[Event "Hessen-ch Gr-F 64th"]
[Site "Bad Vilbel"]
[Date "2010.04.03"]
[Round "3"]
[White "Baumgardt, Sascha"]
[Black "Keller, Simon"]
[Result "0-1"]
[WhiteElo "1245"]
[BlackElo "1168"]
[PlyCount "92"]
[EventDate "2010.03.31"]
[EventType "swiss"]
[EventRounds "5"]
[EventCountry "GER"]
[SourceTitle "EXT 2011"]
[Source "ChessBase"]
[SourceDate "2010.11.26"]
[SourceVersion "1"]
[SourceVersionDate "2010.11.26"]
[SourceQuality "1"]

1. e4 e5 2. Nf3 Nc6 3. c3 Nf6 4. d4 exd4 5. e5 Qe7 6. cxd4 d6 7. Qe2 Nd7 8. Bg5
f6 9. exf6 Nxf6 10. Bxf6 gxf6 11. Nc3 Bf5 12. Nd5 Qxe2+ 13. Bxe2 O-O-O 14. Nxf6
Bg7 15. d5 Nb4 16. O-O Bxf6 17. a3 Nxd5 18. Ra2 h5 19. Bc4 Nf4 20. h4 Be6 21.
b3 Bxc4 22. bxc4 Rhg8 23. g3 Be5 24. Kh2 Nd3 25. Ng5 Bf6 26. f4 Bxg5 27. hxg5
Rde8 28. Rd2 Re3 29. Rfd1 Nc5 30. Ra2 Rh8 31. Rh1 h4 32. Kg2 Rxg3+ 33. Kf1 Rf3+
34. Rf2 Rxf2+ 35. Kxf2 Ne6 36. Kf3 h3 37. f5 Nxg5+ 38. Kg4 Ne4 39. Rxh3 Rxh3
40. Kxh3 Kd7 41. Kg4 Ke7 42. Kf4 Nd2 43. Kg5 Kf7 44. Kf4 Nxc4 45. Ke4 Nxa3 46.
Kd5 Kf6 0-1

[Event "Doeberl Cup U1200 48th"]
[Site "Canberra"]
[Date "2010.04.02"]
[Round "3"]
[White "Lai, Zalia"]
[Black "Galli, Karl"]
[Result "1/2-1/2"]
[WhiteElo "500"]
[BlackElo "1019"]
[PlyCount "161"]
[EventDate "2010.04.02"]
[EventType "swiss"]
[EventRounds "6"]
[EventCountry "AUS"]
[SourceTitle "EXT 2012"]
[Source "ChessBase"]
[SourceDate "2011.11.24"]
[SourceVersion "1"]
[SourceVersionDate "2011.11.24"]
[SourceQuality "1"]

1. e4 e5 2. Nf3 Nc6 3. c3 Nf6 4. d3 d6 5. h3 Be6 6. Bg5 Be7 7. Nbd2 h6 8. Bh4
Qd7 9. Be2 Nh5 10. Bxe7 Qxe7 11. g3 Nf6 12. Qc2 g6 13. b3 Qd7 14. Bf1 d5 15.
O-O-O O-O-O 16. Kb2 d4 17. Nc4 Bxc4 18. dxc4 Qe7 19. Bd3 dxc3+ 20. Qxc3 Rhe8
21. a3 Qc5 22. Rhf1 g5 23. g4 Nd7 24. b4 Qf8 25. Bc2 f6 26. Rd2 Qf7 27. Bb3 h5
28. Rfd1 Re7 29. c5 Qh7 30. Bc2 hxg4 31. hxg4 Qh3 32. Rg1 a6 33. Rg3 Qh7 34.
Rg2 Nf8 35. Rxd8+ Kxd8 36. Rh2 Qg7 37. Nd2 Ne6 38. f3 Kc8 39. Nf1 Ned4 40. Bd1
Rd7 41. Ng3 Nb5 42. Qc1 Qf7 43. Rh8+ Rd8 44. Rxd8+ Kxd8 45. Bb3 Qh7 46. Qd2+
Kc8 47. Qf2 Nbd4 48. Ba4 Qh8 49. Bxc6 bxc6 50. Nf5 Ne6 51. Qe2 Nf4 52. Qxa6+
Kd7 53. Qc4 Qh2+ 54. Kb3 Ne6 55. b5 cxb5 56. Qxb5+ Kd8 57. Qb8+ Kd7 58. c6+
Kxc6 59. Qe8+ Kb6 60. Qxe6+ Kb7 61. Qd5+ Kb6 62. Qd3 Qh5 63. a4 c6 64. Nd6 Kc7
65. Ne8+ Kb6 66. Nxf6 Qh6 67. Nd7+ Kc7 68. Nxe5 Qe6+ 69. Nc4 Qf7 70. a5 Qg8 71.
Qd6+ Kb7 72. Qd7+ Kb8 73. Qxc6 Qf7 74. a6 Qxf3+ 75. Kb4 Qf8+ 76. Kb5 Qg7 77. e5
Qh7 78. Qd6+ Ka7 79. Qb6+ Ka8 80. Ka5 Qc7 81. Qxc7 1/2-1/2

[Event "Ch Schleswig Holstein (cand.)"]
[Site "Busto (Germany)"]
[Date "2010.04.01"]
[Round "8"]
[White "Schaefer, Ruediger"]
[Black "Jessen, Hilke"]
[Result "1/2-1/2"]
[WhiteElo "1807"]
[BlackElo "1926"]
[PlyCount "40"]
[EventDate "2010.??.??"]
[EventCountry "ITA"]
[SourceTitle "OM OTB B 201907"]
[Source "Opening Master"]
[SourceDate "2019.07.06"]
[SourceVersion "2"]
[SourceVersionDate "2019.07.06"]
[SourceQuality "1"]

1. e4 e5 2. Nf3 Nc6 3. c3 d5 4. Bb5 Qd6 5. d4 Bd7 6. Bxc6 Bxc6 7. Nxe5 dxe4 8.
Nxc6 Qxc6 9. O-O O-O-O 10. Re1 f5 11. Bf4 Be7 12. Nd2 Nf6 13. Qb3 Rhg8 14. Nc4
Nd5 15. Be5 g5 16. Ne3 Nxe3 17. fxe3 Bd6 18. Qe6+ Qd7 19. Qxd7+ Rxd7 20. Bxd6
Rxd6 1/2-1/2

[Event "SVR-op 33rd"]
[Site "Mendig"]
[Date "2010.04.01"]
[Round "4"]
[White "Mehlem, Harald"]
[Black "Nebe, Christopher"]
[Result "0-1"]
[WhiteElo "1694"]
[BlackElo "1283"]
[PlyCount "96"]
[EventDate "2010.03.27"]
[EventType "swiss"]
[EventRounds "7"]
[EventCountry "GER"]
[SourceTitle "EXT 2011"]
[Source "ChessBase"]
[SourceDate "2010.11.26"]
[SourceVersion "1"]
[SourceVersionDate "2010.11.26"]
[SourceQuality "1"]

1. e4 e5 2. Nf3 Nc6 3. c3 d6 4. d4 Bg4 5. Be2 Nf6 6. Bg5 Be7 7. d5 Nb8 8. Nbd2
O-O 9. O-O a6 10. Re1 h6 11. Be3 c5 12. c4 Nbd7 13. h3 Bh5 14. Nh2 Bg6 15. Qc2
Rb8 16. f4 b6 17. Nhf3 exf4 18. Bxf4 Re8 19. Bd3 Bf8 20. e5 Bxd3 21. Qxd3 dxe5
22. Nxe5 Nxe5 23. Bxe5 Bd6 24. Qf5 Bxe5 25. Rxe5 Qd6 26. Rxe8+ Rxe8 27. Rf1 a5
28. Nf3 Qg3 29. Qc2 Nh5 30. Qf2 Qxf2+ 31. Rxf2 Ng3 32. b3 Nf5 33. Rd2 Nd6 34.
Kf1 Kf8 35. Ne1 Re7 36. Nd3 Ke8 37. Nb2 Kd7 38. Na4 Kc7 39. Nc3 Kd7 40. Rf2 Kc7
41. Nb5+ Nxb5 42. cxb5 Kd6 43. Rf5 f6 44. Kf2 Re5 45. g4 Kxd5 46. Rf3 Kd4 47.
a4 c4 48. Rf4+ Re4 0-1

[Event "FICS rated standard game"]
[Site "FICS freechess.org"]
[Date "2010.04.01"]
[Round "?"]
[White "realcoolhead"]
[Black "GriffySr"]
[Result "1-0"]
[WhiteElo "2030"]
[BlackElo "2015"]
[PlyCount "117"]
[EventDate "2010.??.??"]
[SourceTitle "OM Portal C 201906"]
[Source "Opening Master"]
[SourceDate "2019.06.27"]
[SourceVersion "1"]
[SourceVersionDate "2019.06.27"]
[SourceQuality "1"]

1. e4 e5 2. Nf3 Nc6 3. c3 Nf6 4. d4 Nxe4 5. d5 Ne7 6. Nxe5 Ng6 7. Qd4 Qe7 8.
Qxe4 Qxe5 9. Qxe5+ Nxe5 10. Bf4 d6 11. Na3 a6 12. Nc4 f6 13. a4 Bf5 14. Kd2 Kf7
15. Ne3 Bg6 16. Bg3 Re8 17. Be2 a5 18. f4 Be4 19. fxe5 dxe5 20. Bd3 Bxd3 21.
Kxd3 Bc5 22. Rhf1 e4+ 23. Ke2 Re7 24. Nc4 Ra8 25. d6 cxd6 26. Bxd6 Bxd6 27.
Nxd6+ Ke6 28. Rad1 Rd8 29. Nc4 Red7 30. Rxd7 Rxd7 31. Rd1 Rxd1 32. Kxd1 Kd5 33.
Nxa5 b6 34. Nb3 f5 35. Nd4 f4 36. Ke2 g5 37. b4 g4 38. a5 bxa5 39. bxa5 f3+ 40.
gxf3 exf3+ 41. Nxf3 gxf3+ 42. Kxf3 Kc5 43. Ke4 Kb5 44. Kd5 Kxa5 45. c4 Kb6 46.
Kd6 h5 47. c5+ Ka5 48. c6 Kb6 49. Kd7 Kc5 50. c7 Kd4 51. c8=Q Kd3 52. Kd6 Kd2
53. Qh3 h4 54. Ke5 Ke2 55. Ke4 Kd2 56. Qd3+ Kc1 57. Ke3 Kb2 58. Kd4 Ka2 59. Kc4
1-0

[Event "Ch Hessen (juniors) (under 18)"]
[Site "Bad Homburg (Germany)"]
[Date "2010.04.??"]
[Round "7"]
[White "Polak, Elias"]
[Black "Jung, Gerhard"]
[Result "0-1"]
[WhiteElo "1879"]
[BlackElo "2030"]
[PlyCount "104"]
[EventDate "2010.??.??"]
[EventRounds "9"]
[EventCountry "GER"]
[SourceTitle "OM OTB B 201907"]
[Source "Opening Master"]
[SourceDate "2019.07.06"]
[SourceVersion "2"]
[SourceVersionDate "2019.07.06"]
[SourceQuality "1"]

1. e4 e5 2. Nf3 Nc6 3. c3 d5 4. Qa4 Bd7 5. exd5 Nd4 6. Qd1 Nxf3+ 7. Qxf3 Nf6 8.
Bc4 Bd6 9. d3 Bg4 10. Qe3 O-O 11. h3 Bd7 12. Nd2 b5 13. Bb3 Qe7 14. O-O a5 15.
c4 Bc5 16. Qe2 bxc4 17. dxc4 e4 18. Kh1 Rfe8 19. Re1 Bd6 20. Nf1 Qe5 21. Bc2 c6
22. Ng3 cxd5 23. cxd5 Qxd5 24. Nxe4 Nxe4 25. Bxe4 Qe5 26. f4 Qd4 27. Qf3 Rac8
28. Rd1 Qxe4 29. Qxe4 Rxe4 30. Rxd6 Re1+ 31. Kh2 Be8 32. b4 Rexc1 33. Rxc1 Rxc1
34. Rd8 Kf8 35. b5 Ke7 36. Rb8 Rb1 37. b6 Bc6 38. a4 Rb2 39. Kg3 Rxg2+ 40. Kh4
Rb2 41. Kg4 Rb4 42. b7 Rxb7 43. Ra8 Bd7+ 44. Kh4 Rb4 45. Rxa5 Rxf4+ 46. Kg3
Rxa4 47. Re5+ Kf6 48. Re3 Bf5 49. Rc3 Kg5 50. Kf2 Ra2+ 51. Kg3 Rc2 52. Ra3 Rd2
0-1

[Event "Ch Hessen (juniors) (under 18)"]
[Site "Bad Homburg (Germany)"]
[Date "2010.04.??"]
[Round "5"]
[White "Polak, Elias"]
[Black "Mao, Kevin"]
[Result "0-1"]
[WhiteElo "1879"]
[BlackElo "1939"]
[PlyCount "68"]
[EventDate "2010.??.??"]
[EventRounds "9"]
[EventCountry "GER"]
[SourceTitle "OM OTB B 201907"]
[Source "Opening Master"]
[SourceDate "2019.07.06"]
[SourceVersion "2"]
[SourceVersionDate "2019.07.06"]
[SourceQuality "1"]

1. e4 e5 2. Nf3 Nc6 3. c3 Nf6 4. d4 exd4 5. e5 Nd5 6. cxd4 Bb4+ 7. Bd2 O-O 8.
Bxb4 Ncxb4 9. a3 Nc6 10. Bc4 Nb6 11. Ba2 d5 12. O-O Bg4 13. Nc3 Bxf3 14. gxf3
Ne7 15. Kh1 c6 16. Rg1 Ng6 17. Qe2 f6 18. Rg4 fxe5 19. dxe5 Qe7 20. Rag1 Rf7
21. Bb1 Nxe5 22. Qc2 g6 23. Rg5 Nxf3 24. Rxg6+ Kh8 25. Ne4 dxe4 26. Qc3+ Qe5
27. Qxe5+ Nxe5 28. Re6 Nbd7 29. Bxe4 Rxf2 30. Rh6 Rf7 31. Rg5 Rg8 32. Rxg8+
Kxg8 33. Bc2 Rf1+ 34. Kg2 Rf2+ 0-1

[Event "Ch Hessen (juniors) (under 18)"]
[Site "Bad Homburg (Germany)"]
[Date "2010.04.??"]
[Round "2"]
[White "Polak, Elias"]
[Black "Schroeder, Jan Christian"]
[Result "0-1"]
[WhiteElo "1879"]
[BlackElo "2108"]
[PlyCount "56"]
[EventDate "2010.??.??"]
[EventRounds "9"]
[EventCountry "GER"]
[SourceTitle "OM OTB B 201907"]
[Source "Opening Master"]
[SourceDate "2019.07.06"]
[SourceVersion "2"]
[SourceVersionDate "2019.07.06"]
[SourceQuality "1"]

1. e4 e5 2. Nf3 Nc6 3. c3 d5 4. Qa4 dxe4 5. Nxe5 Qd5 6. Nxc6 bxc6 7. Bc4 Qd6 8.
O-O Nf6 9. d3 exd3 10. Bf4 Qd7 11. Re1+ Be7 12. Nd2 O-O 13. Nf3 Bd6 14. Ne5
Bxe5 15. Bxe5 Rd8 16. Rad1 d2 17. Re2 Rb8 18. Rexd2 Qxd2 19. Rxd2 Rxd2 20. b4
Bf5 21. h3 Re8 22. Bxc7 Re1+ 23. Kh2 Be4 24. Qxa7 h5 25. Bf4 Rd7 26. Qb8+ Kh7
27. Qe5 Rdd1 28. Bxf7 Ng4+ 0-1

[Event "Catalunya-ch U20"]
[Site "Vila Seca"]
[Date "2010.03.31"]
[Round "1"]
[White "Castellano Egea, Einar"]
[Black "Marin Benito, Carla"]
[Result "1-0"]
[WhiteElo "2159"]
[BlackElo "1812"]
[PlyCount "63"]
[EventDate "2010.03.31"]
[EventType "swiss"]
[EventRounds "9"]
[EventCountry "ESP"]
[SourceTitle "CBM 135 Extra"]
[Source "ChessBase"]
[SourceDate "2010.05.04"]
[SourceVersion "1"]
[SourceVersionDate "2010.05.04"]
[SourceQuality "1"]

1. e4 e5 2. Nf3 Nc6 3. c3 Nf6 4. d4 exd4 5. e5 Nd5 6. cxd4 Bb4+ 7. Bd2 O-O 8.
Nc3 Nb6 9. Bd3 h6 10. Qe2 d5 11. h3 Ne7 12. g4 Be6 13. Nh4 Nc4 14. a3 Nxd2 15.
Qxd2 Bxc3 16. bxc3 Qd7 17. f4 f5 18. exf6 Rxf6 19. f5 Bf7 20. O-O Rf8 21. Rab1
b6 22. Nf3 g5 23. Nxg5 Qd6 24. Nf3 Kh8 25. Ne5 Nc6 26. Rbe1 Re8 27. Nxf7+ Rxf7
28. Rxe8+ Kg7 29. Re6 Qg3+ 30. Kh1 Qxh3+ 31. Qh2 Qxh2+ 32. Kxh2 1-0

[Event "OEsterreichische Meisterschaften"]
[Site "Velden - Jugend- & Familieng"]
[Date "2010.03.30"]
[Round "5.1"]
[White "Matt, Fabian"]
[Black "Handler, Lukas"]
[Result "1/2-1/2"]
[WhiteElo "1957"]
[BlackElo "2180"]
[PlyCount "87"]
[EventDate "2010.03.28"]
[EventRounds "7"]
[EventCountry "AUT"]
[SourceTitle "OM OTB B 201907"]
[Source "Opening Master"]
[SourceDate "2019.07.06"]
[SourceVersion "2"]
[SourceVersionDate "2019.07.06"]
[SourceQuality "1"]

1. e4 e5 2. Nf3 Nc6 3. c3 Nf6 4. d4 d5 5. Bb5 exd4 6. Nxd4 Bd7 7. exd5 Nxd4 8.
Bxd7+ Qxd7 9. Qxd4 Qxd5 10. Qe3+ Qe4 11. O-O Qxe3 12. Bxe3 O-O-O 13. Nd2 Ng4
14. Bf4 Bd6 15. Bxd6 Rxd6 16. Nc4 Rc6 17. Ne3 Nxe3 18. fxe3 f6 19. Rad1 Re8 20.
Kf2 Ra6 21. a3 Rae6 22. Rfe1 c6 23. Kf3 Re5 24. Rd3 Kc7 25. c4 R8e7 26. Red1
Rf5+ 27. Ke2 Rfe5 28. Kf3 f5 29. b3 Re4 30. Rc3 h5 31. Rd4 a5 32. Rcd3 g6 33.
Rc3 Rxd4 34. exd4 Re4 35. Rd3 b5 36. g3 Kd6 37. h4 a4 38. cxb5 cxb5 39. bxa4
bxa4 40. d5 Rg4 41. Rd2 Rc4 42. Rd3 Rc1 43. Kf4 Rb1 44. Rd4 1/2-1/2

[Event "League division B1"]
[Site "http://gameknot.com/chess.pl?"]
[Date "2010.03.30"]
[Round "?"]
[White "Ukip"]
[Black "Pablano"]
[Result "1/2-1/2"]
[WhiteElo "2158"]
[BlackElo "2176"]
[PlyCount "193"]
[EventDate "2010.??.??"]
[SourceTitle "OM Portal C 201906"]
[Source "Opening Master"]
[SourceDate "2019.06.27"]
[SourceVersion "1"]
[SourceVersionDate "2019.06.27"]
[SourceQuality "1"]

1. e4 e5 2. Nf3 Nc6 3. c3 Nf6 4. d4 Nxe4 5. d5 Ne7 6. Nxe5 Ng6 7. Qe2 Qe7 8.
Qxe4 Qxe5 9. Qxe5+ Nxe5 10. Bf4 d6 11. Na3 a6 12. O-O-O Be7 13. Re1 Ng6 14. Bg5
Bf5 15. Nc2 Kd7 16. Bxe7 Nxe7 17. Nd4 Bg6 18. h4 h5 19. Bc4 Rae8 20. Bb3 c6 21.
dxc6+ Nxc6 22. Ne2 Ne5 23. Nf4 Bf5 24. f3 b5 25. Rd1 Be6 26. Bc2 a5 27. b3 b4
28. cxb4 axb4 29. Rhe1 Nc6 30. Be4 Rc8 31. Kb2 Ne5 32. Rd2 Rb8 33. Rc1 Rb6 34.
Rc5 Ke7 35. Rc7+ Kf6 36. Rd4 g5 37. Nd5+ Bxd5 38. hxg5+ Kxg5 39. Bxd5 Kg6 40.
f4 Ng4 41. Bxf7+ Kf6 42. Bd5 Ne3 43. Bc6 Nf5 44. Rd1 Rg8 45. Bf3 h4 46. Rd5 Rh8
47. Be4 Ne7 48. Rd3 Ng6 49. Rf3 Ne7 50. Rd7 Ke6 51. Ra7 d5 52. Bd3 Nf5 53. Rf2
Ne3 54. Kc1 d4 55. Kd2 Rd6 56. Rb7 Ra8 57. Bb1 Nd5 58. Rh7 Nc3 59. Kc1 Kd5 60.
f5 Re8 61. Bd3 Re1+ 62. Kd2 Rd1+ 63. Kc2 Rd8 64. Ra7 Rg1 65. f6 Nd1 66. Bc4+
Kc6 67. Rd2 Ne3+ 68. Kd3 h3 69. gxh3 Rg3 70. Ke4 Nxc4 71. bxc4 Rxh3 72. f7 Re3+
73. Kf4 Re1 74. Kg3 Rf1 75. Rf2 Rxf2 76. Kxf2 d3 77. Ke1 Kc5 78. Kd2 Kxc4 79.
Rc7+ Kb5 80. Re7 Rf8 81. Kxd3 Kc5 82. Ke4 Kd6 83. Rb7 Ke6 84. Rxb4 Kxf7 85. Kd5
Rc8 86. Kd6 Rc2 87. a4 Ra2 88. Rf4+ Ke8 89. Kc7 Rc2+ 90. Kb7 Rb2+ 91. Ka7 Kd7
92. a5 Ra2 93. a6 Kc6 94. Rf1 Rg2 95. Rb1 Re2 96. Rc1+ Kb5 97. Rb1+ 1/2-1/2

[Event "FM 2010 Landslidsbolkinum"]
[Site "?"]
[Date "2010.03.29"]
[Round "3.1"]
[White "Nielsen, Rogvi Egilstoft"]
[Black "Nielsen, Torkil"]
[Result "0-1"]
[WhiteElo "2037"]
[BlackElo "2072"]
[PlyCount "60"]
[EventDate "2010.03.27"]
[EventRounds "9"]
[EventCountry "FAI"]
[SourceTitle "OM OTB B 201907"]
[Source "Opening Master"]
[SourceDate "2019.07.06"]
[SourceVersion "2"]
[SourceVersionDate "2019.07.06"]
[SourceQuality "1"]

1. e4 e5 2. Nf3 Nc6 3. c3 Nf6 4. d4 exd4 5. e5 Qe7 6. cxd4 d6 7. Bb5 Bd7 8. O-O
dxe5 9. Bxc6 Bxc6 10. Nxe5 Bd7 11. Qb3 O-O-O 12. Qxf7 Qd6 13. Nc3 Be6 14. Nb5
Qxe5 15. dxe5 Bxf7 16. exf6 Bc4 17. Nxc7 Bxf1 18. Bf4 Bd6 19. Ne6 Bxf4 20. Kxf1
gxf6 21. Nxf4 Rd2 22. b3 Rhd8 23. Rc1+ Kb8 24. Rc3 Rxa2 25. g3 Rd6 26. Kg2 a5
27. Nd3 Rc6 28. Nc5 Ka7 29. Na4 Rxc3 30. Nxc3 Rb2 0-1

[Event "BCF-chT3 0910 (4NCL)"]
[Site "England"]
[Date "2010.03.28"]
[Round "8"]
[White "Doran, Michael J"]
[Black "Galer, Sebastian"]
[Result "1/2-1/2"]
[WhiteElo "1884"]
[BlackElo "1730"]
[PlyCount "78"]
[EventDate "2009.10.24"]
[EventType "team-tourn"]
[EventRounds "11"]
[EventCountry "ENG"]
[SourceTitle "EXT 2011"]
[Source "ChessBase"]
[SourceDate "2010.11.26"]
[SourceVersion "1"]
[SourceVersionDate "2010.11.26"]
[SourceQuality "1"]

1. e4 e5 2. Nf3 Nc6 3. c3 d6 4. d4 Bg4 5. Qb3 Rb8 6. Bc4 Na5 7. Bxf7+ Ke7 8.
Qa4 Kxf7 9. Qxa5 Bxf3 10. gxf3 exd4 11. Qd5+ Ke8 12. Qxd4 a6 13. c4 Qf6 14. Qd3
Ne7 15. Nc3 c6 16. f4 Ng6 17. f5 Ne5 18. Qe2 b5 19. cxb5 axb5 20. Rg1 Qh4 21.
Bg5 Qh3 22. O-O-O Qf3 23. Rg3 Qxe2 24. Nxe2 h5 25. Nd4 h4 26. Rh3 Be7 27. Bxe7
Kxe7 28. f4 c5 29. fxe5 cxd4 30. Rxd4 dxe5 31. Rd5 Rhc8+ 32. Kd2 Rd8 33. Rxd8
Rxd8+ 34. Rd3 Ra8 35. a3 Ra4 36. Ke3 b4 37. axb4 Rxb4 38. b3 Kf6 39. Rd6+ Kf7
1/2-1/2